LDR 00714naa#a2200193#i#450# 001 EN\\bibl\119790 005 20260517011739.7 011 ## _a1819-4036 100 ## _a20210226b2021####ek#y0engy0150####ca 102 ## _aRU 200 1# _aTHE ANALYSIS OF THE YIELD OF BLUE HONEYSUCKLE VARIETIES INTRODUCED IN THE CONDITIONS OF THE BASHKIR CIS-URALS _eJournal article 210 1# _aKrasnoyarsk _cKrasnoyarsk State Agrarian University _d2021 215 ## _a5 с. 608 ## _aJournal article _2local 675 ## _aСадоводство в целом. Плодоводство. 634 _z 700 #1 _aNigmatzyanov _gRadmil Astahovich 700 #1 _aKuklina _gAlla Georgievna 700 #1 _aSorokopudov _gVladimir Nikolaevich 856 4# _akgau.editorum.ru _u